Ochrana proti kybernetickým útokům

Všeobecné nariadenie EÚ o ochrane osobných údajov - GDPR s cieľom chrániť občanov EÚ proti neoprávnenému zachádzaniu s ich dátami, vrátane osobných údajov. Riziko straty dát a ich zneužitia, útoky hackerov spojené so zablokovaním informačných systémov. Charakteristika poistenia kybernetických rizík...

Descripción completa

Guardado en:
Detalles Bibliográficos
Autor principal: Staňek, Tomáš
Formato: Capítulo de libro
Lenguaje:checo
Materias:
Etiquetas: Agregar Etiqueta
Sin Etiquetas, Sea el primero en etiquetar este registro!

MARC

LEADER 00000naa a2200000 4500
001 0253037
005 20191009082843.0
041 0 |a cze 
044 |a CZ 
245 1 0 |a Ochrana proti kybernetickým útokům  |c Tomáš Staňek 
520 |a Všeobecné nariadenie EÚ o ochrane osobných údajov - GDPR s cieľom chrániť občanov EÚ proti neoprávnenému zachádzaniu s ich dátami, vrátane osobných údajov. Riziko straty dát a ich zneužitia, útoky hackerov spojené so zablokovaním informačných systémov. Charakteristika poistenia kybernetických rizík a pokuty. Cieľové skupiny. Pravdepodobnosť kybernetického incidentu. Postup pri úniku dát. 
610 2 0 |a ochrana údajov osobných 
610 2 0 |a ochrana dát 
610 2 0 |a útoky kybernetické 
610 2 0 |a činnosť trestná 
610 2 0 |a riziko 
610 2 0 |a bezpečnosť kybernetická 
610 2 0 |a poistenie 
610 2 0 |a poisťovne 
100 1 |a Staňek, Tomáš